000 01140aaa a2200265 a 4500
003 BLK
005 20240126162547.0
007 ta
008 221104b bu |||||r|||| 00| | bu d
040 _aBLK
041 _aBUL
_cBUL
080 _aОпазване на околната среда
_b502
_x(497.215)
_z502(497.215)
080 _aЗамърсяване на въздуха
_b504.3.054
_x(497.215)
_z504.3.054(497.215)
100 _9270097
_aПантелеев, Пламен
245 _aГрях
_cПламен Пантелеев
300 _aІ, № 22, 27 септ.-3 окт. 1990, с. 1.
520 _aСпасяването на Русе от екоцида
653 _9200037
_aхлор
653 _9186796
_aзамърсяване на въздуха
773 0 _w291989
_dЕкогласност 1990
_x0861-1416
_tЕкогласност
_i. //
856 _i0.00
_linternal use only
_fГрях
_qpdf
_uhttp://185.138.176.146:18082/cgi-bin/koha/opac-retrieve-file.pl?id=0a8d4f38b0bebb0f37484fcd0fe43272
_xebook
942 _2udc
_cSTA
_n0
944 _cКети Илиева
_k30542
_lРусанова Ирена
999 _c501555
_d501555
999 _d501555